Caricamento...

A taxonomic study of the Crabs in the By-Catches of the West Coast of India

Dettagli Bibliografici
Autore principale: Meenu Thankachan
Natura: Printed Book
Pubblicazione: Dept. of Aquatic Biology & Fisheries, University of Kerala, Thiruvananthapuram 2007
Serie:Tresa Radhakrishnan
LEADER 00590nam a2200193 4500
020
082 |a M20071 MEE 
100 |a Meenu Thankachan 
245 |a A taxonomic study of the Crabs in the By-Catches of the West Coast of India 
250
260 |a Dept. of Aquatic Biology & Fisheries, University of Kerala, Thiruvananthapuram  |c 2007 
300
490 |a Tresa Radhakrishnan 
500
590 |a SHK 
650
942 |c BK 
999 |c 101553  |d 101553 
952 |0 0  |1 0  |4 0  |6 M_20071_000000000000000_MEE  |7 0  |9 115021  |a AQU  |b AQU  |l 0  |o M20071 MEE  |p AQUM20071  |r 2019-09-25  |w 2019-09-25  |y BK